000 00486nam a2200181Ia 4500
008 131103s9999 xx 000 0 und d
040 _aLoreto College
041 _aEnglish
082 _a920/RUS
_bLCLIB/
100 _aO'Brrien, R.Barry
245 4 _aThe life of Lord Russell of killowen
_cR.Barry O'Brrien
260 _aLondon
_bThomas nelson
_c[19?]
300 _aviii,384p.
_c 20cm.
650 _aRussell, Lord
651 _aBiography
850 _aLCLIB/920/RUS
942 _cBK
999 _c25143
_d75622